Virtue and beauty : Leonardo's "Ginevra de' Benci" and Renaissance portraits of women ; [exhibition dates 30 September 2001 - 6 January 2002]
Gespeichert in:
| Mitwirkende: | |
|---|---|
| Dokumenttyp: | Buch |
| Sprache: | English |
| Veröffentlicht: |
Princeton, NJ [u.a.]
: Princeton University Press
, 2001
|
| Schlagwörter: | |
| Online Zugang: | Rezension Rezension |
| Bibliogr. Hinweis: | Rezensiert in:
[Rezension von: Brown, David Alan, Virtue and Beauty: Leonardo's Ginevra de' Benci and Renaissance Portraits of Women] Rezensiert in: [Rezension von: David Alan Brown (Hrsg.), Virtue and beauty] |
| Verantwortlich: | National Gallery of Art, Washington. David Alan Brown ... |
| LEADER | 07881cam a2201501 c 4500 | ||
|---|---|---|---|
| 001 | 326679960 | ||
| 003 | DE-627 | ||
| 005 | 20260417173420.0 | ||
| 007 | tu | ||
| 008 | 010314s2001 xxu||||| c 00| ||eng c | ||
| 010 | |a 00103033 | ||
| 016 | 7 | |a 0691090572 |2 UK | |
| 020 | |a 9780691090573 |q : hbk. |9 978-0-691-09057-3 | ||
| 020 | |a 0691090572 |q (hbk.) |9 0-691-09057-2 | ||
| 020 | |a 0894682857 |q (pbk., NGA) |9 0-89468-285-7 | ||
| 020 | |a 0691114560 |q (pbk., PUP) |9 0-691-11456-0 | ||
| 024 | 3 | |a 9780691090573 | |
| 024 | 8 | |a 12001-30333 |q Identnummer | |
| 035 | |a (DE-627)326679960 | ||
| 035 | |a (DE-576)094731748 | ||
| 035 | |a (DE-599)GBV326679960 | ||
| 035 | |a (OCoLC)1532641742 | ||
| 035 | |a (OCoLC)313748794 | ||
| 035 | |a (OCoLC)216833892 | ||
| 040 | |a DE-627 |b ger |c DE-627 |e rakwb | ||
| 041 | |a eng | ||
| 044 | |c XD-US |c XA-GB | ||
| 050 | 0 | |a N7606 | |
| 082 | 0 | |a 757.409455109024 | |
| 082 | 0 | |a 757/.4/09455109024 | |
| 082 | 0 | |a 704.942094509024 | |
| 084 | |a 9,10 |a 1 |2 ssgn | ||
| 084 | |a LH 49470 |q BVB |2 rvk |0 (DE-625)rvk/93747: | ||
| 084 | |a LH 85100 |q BVB |2 rvk |0 (DE-625)rvk/95361: | ||
| 084 | |a LN 83530 |q BVB |2 rvk |0 (DE-625)rvk/102388: | ||
| 084 | |a LI 53259 |2 rvk |0 (DE-625)rvk/96489:13214 | ||
| 084 | |a LN 95140 |2 rvk |0 (DE-625)rvk/102736: | ||
| 084 | |a 20.24 |2 bkl | ||
| 084 | |a 21.02 |2 bkl | ||
| 245 | 0 | 0 | |a Virtue and beauty |b Leonardo's "Ginevra de' Benci" and Renaissance portraits of women ; [exhibition dates 30 September 2001 - 6 January 2002] |c National Gallery of Art, Washington. David Alan Brown ... |
| 246 | 3 | 3 | |a Virtue & beauty |
| 263 | |a : £37.95 : CIP entry (Nov.) | ||
| 264 | 1 | |a Princeton, NJ [u.a.] |b Princeton University Press |c 2001 | |
| 300 | |a 236 S |b zahlr. Ill |c 34 cm | ||
| 336 | |a Text |b txt |2 rdacontent | ||
| 336 | |a unbewegtes Bild |b sti |2 rdacontent | ||
| 337 | |a ohne Hilfsmittel zu benutzen |b n |2 rdamedia | ||
| 338 | |a Band |b nc |2 rdacarrier | ||
| 583 | 1 | |a Archivierung/Langzeitarchivierung gewährleistet |f SSG |x XA-DE-BW |2 pdager |5 DE-16 | |
| 583 | 1 | |a Archivierung prüfen |c 20240324 |f DE-4165 |z 3 |2 pdager | |
| 650 | 0 | |a Art, Renaissance |x Italy | |
| 650 | 0 | |a Women |x Portraits | |
| 650 | 0 | |a Portraits |x Italy | |
| 650 | 0 | |a Portraits, Italian | |
| 650 | 4 | |a Ausstellung | |
| 653 | 0 | |a Portraits, Italian |a Italy |a Florence | |
| 653 | 0 | |a Portraits, Renaissance |a Italy |a Florence | |
| 653 | 0 | |a Women | |
| 653 | 0 | |a Women in art | |
| 653 | 0 | |a Leonardo |a da Vinci |a 1452-1519 |a Ginevra de' Benci | |
| 655 | 7 | |a Ausstellungskatalog |y 2001 |z Washington, DC |0 (DE-588)4135467-9 |0 (DE-627)10566491X |0 (DE-576)209660988 |2 gnd-content | |
| 655 | 7 | |a Bildband |0 (DE-588)4145395-5 |0 (DE-627)104450835 |0 (DE-576)209741139 |2 gnd-content | |
| 689 | 0 | 0 | |d u |0 (DE-588)4659521-1 |0 (DE-627)336499922 |0 (DE-576)214753581 |a Leonardo |c da Vinci |d 1452-1519 |t Ginevra de' Benci |2 gnd |
| 689 | 0 | |5 DE-101 | |
| 689 | 1 | 0 | |d s |0 (DE-588)4049450-0 |0 (DE-627)104117257 |0 (DE-576)209082151 |a Renaissance |2 gnd |
| 689 | 1 | 1 | |d s |0 (DE-588)4145426-1 |0 (DE-627)104297247 |0 (DE-576)209741392 |a Bildnismalerei |2 gnd |
| 689 | 1 | 2 | |d s |0 (DE-588)4113617-2 |0 (DE-627)104653604 |0 (DE-576)209477962 |a Frau |g Motiv |2 gnd |
| 689 | 1 | 3 | |a g |2 gnd |a Washington <DC, 2001> |
| 689 | 1 | |5 DE-101 | |
| 689 | 2 | 0 | |d g |0 (DE-588)4027833-5 |0 (DE-627)106283235 |0 (DE-576)208972501 |a Italien |2 gnd |
| 689 | 2 | 1 | |d s |0 (DE-588)4145426-1 |0 (DE-627)104297247 |0 (DE-576)209741392 |a Bildnismalerei |2 gnd |
| 689 | 2 | 2 | |d s |0 (DE-588)4113617-2 |0 (DE-627)104653604 |0 (DE-576)209477962 |a Frau |g Motiv |2 gnd |
| 689 | 2 | 3 | |a z |2 gnd |a Geschichte 1420-1600 |
| 689 | 2 | |5 DE-101 | |
| 689 | 3 | 0 | |d s |0 (DE-588)4128410-0 |0 (DE-627)105717517 |0 (DE-576)209601868 |a Schönheitsideal |2 gnd |
| 689 | 3 | 1 | |d s |0 (DE-588)4049450-0 |0 (DE-627)104117257 |0 (DE-576)209082151 |a Renaissance |2 gnd |
| 689 | 3 | |5 (DE-627) | |
| 689 | 4 | 0 | |d s |0 (DE-588)4145426-1 |0 (DE-627)104297247 |0 (DE-576)209741392 |a Bildnismalerei |2 gnd |
| 689 | 4 | 1 | |d s |0 (DE-588)4113617-2 |0 (DE-627)104653604 |0 (DE-576)209477962 |a Frau |g Motiv |2 gnd |
| 689 | 4 | 2 | |a z |2 gnd |a Geschichte 1430-1520 |
| 689 | 4 | |5 (DE-627) | |
| 689 | 5 | 0 | |d u |0 (DE-588)4659521-1 |0 (DE-627)336499922 |0 (DE-576)214753581 |a Leonardo |c da Vinci |d 1452-1519 |t Ginevra de' Benci |2 gnd |
| 689 | 5 | |5 (DE-627) | |
| 689 | 6 | 0 | |d u |0 (DE-588)4659521-1 |0 (DE-627)336499922 |0 (DE-576)214753581 |a Leonardo |c da Vinci |d 1452-1519 |t Ginevra de' Benci |2 gnd |
| 689 | 6 | |5 (DE-627) | |
| 689 | 7 | 0 | |d g |0 (DE-588)4027833-5 |0 (DE-627)106283235 |0 (DE-576)208972501 |a Italien |2 gnd |
| 689 | 7 | 1 | |d s |0 (DE-588)4018202-2 |0 (DE-627)104270705 |0 (DE-576)208923209 |a Frau |2 gnd |
| 689 | 7 | 2 | |d s |0 (DE-588)4145426-1 |0 (DE-627)104297247 |0 (DE-576)209741392 |a Bildnismalerei |2 gnd |
| 689 | 7 | 3 | |a z |2 gnd |a Geschichte 1440-1540 |
| 689 | 7 | |5 (DE-627) | |
| 700 | 1 | |a Brown, David Alan |d 1942- |0 (DE-588)131807455 |0 (DE-627)514269006 |0 (DE-576)166405507 |4 oth | |
| 700 | 0 | |a Leonardo |c da Vinci |d 1452-1519 |e Ill. |0 (DE-588)118640445 |0 (DE-627)133418626 |0 (DE-576)161961134 |4 ill | |
| 710 | 2 | |a National Gallery of Art |g Washington, DC |0 (DE-588)1003319-1 |0 (DE-627)103012311 |0 (DE-576)191150770 |4 oth | |
| 787 | 0 | 8 | |i Rezensiert in |a Pearson, Andrea G. |t [Rezension von: Brown, David Alan, Virtue and Beauty: Leonardo's Ginevra de' Benci and Renaissance Portraits of Women] |d 2002 |w (DE-627)1802377840 |
| 787 | 0 | 8 | |i Rezensiert in |a Strupp, Joachim |t [Rezension von: David Alan Brown (Hrsg.), Virtue and beauty] |d 2003 |w (DE-627)1920339329 |
| 856 | 4 | 2 | |u https://swbplus.bsz-bw.de/bsz094731748rez.htm |m V:DE-576 |v 2005-08-19 |3 Rezension |7 1 |
| 856 | 4 | 2 | |u http://www.sehepunkte.de/2003/09/3794.html |m V:DE-576;X:Sehepunkte |q text/html |v 20180424113625 |3 Rezension |7 1 |
| 935 | |i Blocktest | ||
| 936 | r | v | |a LH 49470 |b Washington |k Kunstgeschichte |k Allgemeines. Allgemeine Kunstgeschichte |k Ausstellungswesen, Ausstellungskataloge |k Ausstellungskataloge |k Orte W |k Washington |0 (DE-627)1271621312 |0 (DE-625)rvk/93747: |0 (DE-576)201621312 |
| 936 | r | v | |a LH 85100 |b Renaissance |k Kunstgeschichte |k Allgemeines. Allgemeine Kunstgeschichte |k Porträt, Karikatur (mehrere Gattungen übergreifend) |k Ordnung nach Epochen |k Renaissance |0 (DE-627)1271126427 |0 (DE-625)rvk/95361: |0 (DE-576)201126427 |
| 936 | r | v | |a LN 83530 |b Porträt |k Kunstgeschichte |k Kunst nach Ländern bzw. Kontinenten |k Italien |k Italienische Kunstgeschichte nach Gattungen |k Malerei |k Gegenstände (Darstellungen nichtikonographischen Charakters) |k Porträt |0 (DE-627)1270705164 |0 (DE-625)rvk/102388: |0 (DE-576)200705164 |
| 936 | r | v | |a LI 53259 |b Monographien und Bildbände zu einzelnen Kunstwerken |k Kunstgeschichte |k Künstler-Monografien |k Alphabetische Künstlerliste |k Künstler L |k Leonardo <da Vinci> |k Monographien und Bildbände zu einzelnen Kunstwerken |0 (DE-627)1271533901 |0 (DE-625)rvk/96489:13214 |0 (DE-576)201533901 |
| 936 | r | v | |a LN 95140 |b Renaissance (Quattrocento, Cinquecento) |k Kunstgeschichte |k Kunst nach Ländern bzw. Kontinenten |k Italien |k Italienische Kunstgeschichte nach Gattungen |k Porträt, Karikatur (mehrere Gattungen übergreifend) |k Einzelne Epochen |k Renaissance (Quattrocento, Cinquecento) |0 (DE-627)1271184974 |0 (DE-625)rvk/102736: |0 (DE-576)201184974 |
| 936 | b | k | |a 20.24 |j Gesellschaft |j Kultur |x Ikonographie |0 (DE-627)106423622 |
| 936 | b | k | |a 21.02 |j Geschichte der Malerei |0 (DE-627)106406698 |
| 951 | |a BO | ||
| 990 | |a Leonardo <da Vinci> / Ginevra de' Benci | ||
| 990 | |a Renaissance | ||
| 990 | |a Bildnismalerei | ||
| 990 | |a Frau | ||
| 990 | |a Washington <DC, 2001> | ||
| 990 | |a Italien | ||
| 990 | |a Bildnismalerei | ||
| 990 | |a Frau | ||
| 990 | |a Geschichte 1420-1600 | ||
| 990 | |a Schönheitsideal | ||
| 990 | |a Renaissance | ||
| 990 | |a Bildnismalerei | ||
| 990 | |a Frau | ||
| 990 | |a Geschichte 1430-1520 | ||
| 990 | |a Leonardo <da Vinci> / Ginevra de' Benci | ||
| 990 | |a Leonardo <da Vinci> / Ginevra de' Benci | ||
| 990 | |a Italien | ||
| 990 | |a Frau | ||
| 990 | |a Bildnismalerei | ||
| 990 | |a Geschichte 1440-1540 | ||
| 991 | |a Rezensiertes Werk | ||
| 999 | |a KXP-PPN326679960 |e 4964342840 | ||


